Đổi mới khoa học xã hội trước thử thách của thời đại

Na minha lista:
Detalhes bibliográficos
Formato: Livro
Idioma:Vietnamese
Publicado em: Tp.HCM : Thành phố Hồ Chí Minh , 1987
Edição:In lần thứ 1
Assuntos:
Tags: Adicionar Tag
Sem tags, seja o primeiro a adicionar uma tag!
Thư viện lưu trữ: Thư viện Trường CĐ Kỹ Thuật Cao Thắng
LEADER 00626nam a2200181 a 4500
001 TVCDKTCT2302
003 Thư viện trường Cao đẳng Kỹ thuật Cao Thắng
005 20050816000000
008 050816
980 \ \ |a Thư viện Trường CĐ Kỹ Thuật Cao Thắng 
024 |a RG_1 #1 eb0 i1 
041 0 # |a vie 
082 # # |a 306.4 /   |b Đ452Đ 
245 0 0 |a Đổi mới khoa học xã hội trước thử thách của thời đại 
250 # # |a In lần thứ 1 
260 # # |a Tp.HCM :  |b Thành phố Hồ Chí Minh ,  |c 1987 
300 # # |a 216tr. ;  |c 19cm 
650 # 4 |a Khoa học xã hội